| 000 | 01079nam a2200253 a 4500 | ||
|---|---|---|---|
| 001 | 81283 | ||
| 003 | BD-RjUL | ||
| 005 | 20230307164925.0 | ||
| 008 | 230307s2021 bg a|||| m||| 00| 0 eng d | ||
| 035 | _a(BD-RjUL)81283 | ||
| 040 |
_aBD-RjUL _beng _cBD-RjUL _dBD-RjUL |
||
| 041 | _aeng | ||
| 082 |
_a370.095492 _bRAE 2021 _223 |
||
| 100 |
_aRahman, Mohammad Azizur _97142 |
||
| 245 | 1 | 0 |
_aEmployee Motivation and Human Resource Development in the Banking Sector of Bangladesh : _bTheories and Practices / _cMohammad Azizur Rahman ; _6Supervisor : Md. Omar Faruk Sarker, Co-Supervisor : Md. Kamruzzaman |
| 260 |
_aRajshahi : _bInstitute of Bangladesh Studies, University of Rajshahi, _c2021 |
||
| 300 |
_axxxi, 327 Leaves : _bill, ; _c29 cm. |
||
| 502 | _aThesis (Ph. D.) -- Institute of Bangladesh Studies, University of Rajshahi, 2021 | ||
| 504 | _aBibliography : Leaves [257]-283 | ||
| 650 |
_aHuman Resource _vEmployee Motivation _zBangladesh _97143 |
||
| 700 |
_aSarker, Md. Omar Faruk, Supervisor _91374 |
||
| 700 |
_aKamruzzaman, Md. Co-Supervisor _91428 |
||
| 942 |
_2ddc _cTHE |
||
| 999 |
_c81283 _d81283 |
||